Δυσλεξία και Σχολείο / Η Εμπειρία ενός Αιώνα (Record no. 4443)
[ view plain ]
| 000 -LEADER | |
|---|---|
| fixed length control field | 01593cam a22002054a 4500 |
| 005 - ΗΜΕΡΟΜΗΝΙΑ ΚΑΙ ΩΡΑ ΤΕΛΕΥΤΑΙΑΣ ΕΝΗΜΕΡΩΣΗΣ | |
| Πεδίο ελέγχου | 20250605163432.0 |
| 008 - FIXED-LENGTH DATA ELEMENTS--GENERAL INFORMATION | |
| Πεδίο ελέγχου σταθερού μήκους | 250528s ||||||||||||||||||||||||d |
| 035 ## - SYSTEM CONTROL NUMBER | |
| System control number | 19169 |
| 020 ## - ISBN | |
| ISBN | 9600108005 |
| 040 ## - ΠΗΓΗ ΚΑΤΑΛΟΓΟΓΡΑΦΗΣΗΣ | |
| Φορέας πρωτότυπης καταλογογράφησης | MC Athens Campus Library |
| Γλώσσα καταλογογράφησης | Ελληνικά, Μοντέρνα (1453-) |
| Modifying agency | MC Athens Campus Library |
| Κανόνες περιγραφικής καταλογογράφησης | AACR2 |
| 245 1# - ΤΙΤΛΟΣ ΚΑΙ ΔΗΛΩΣΗ ΥΠΕΥΘΥΝΟΤΗΤΑΣ | |
| Τίτλος | Δυσλεξία και Σχολείο / Η Εμπειρία ενός Αιώνα |
| 250 ## - EDITION STATEMENT | |
| Edition statement | 1η |
| 260 ## - PUBLICATION, DISTRIBUTION, ETC. | |
| Name of publisher, distributor, etc. | Gutenberg, |
| Date of publication, distribution, etc. | 1999 |
| 300 ## - PHYSICAL DESCRIPTION | |
| Extent | 400 |
| 520 ## - SUMMARY, ETC. | |
| Summary, etc. | Το σύνδρομο της Ειδικής Εξελικτικής Δυσλεξίας συνιστά μια σοβαρή διαταραχή στη χρήση και κατανόηση του γραπτου λόγου. Πρόλογος, Εισαγωγή, Το Σύνδρομο της Δυσλεξίας, Η Κλινική Εικόνα της Δυσλεξίας, Δυσλεξία και Άλλες Παράμετροι, Η Αιτιολογία της Δυσλεξίας, Μονοπαραγοντικές Θεωρίες: Ιατρική Προοπτική, Πολυπαραγοντικές Θεωρίες: Γνωστική Προοπτική, Γραπτός Λόγος και Δυσλεξική Συμπεριφορά, Ανάγνωση, Γραφή, Δυσλεξία και Μαθηματικά, Δυσλεξία και Παρέμβαση στο Σχολείο, Διάγνωση του Δυσλεξικού Παιδιού, Στρατηγικές Παρέμβασης στο Σχολείο, Αντί Επιλόγου, Επίμετρο, Παραρτήματα. |
| 700 1# - ΠΡΟΣΘΕΤΗ ΑΝΑΓΡΑΦΗ--ΦΥΣΙΚΟ ΠΡΟΣΩΠΟ | |
| Personal name | Στασινός Δημήτρης Π |
| 942 ## - ADDED ENTRY ELEMENTS (KOHA) | |
| Koha item type | Books |
| Τύπος τεκμηρίου | Βιβλιοθήκη | Τρέχουσα τοποθεσία | Barcode | Αριθμός εισαγωγής | Ημερομηνία απόκτησης | Ταξιθετικό σύμβολο | Αριθμός αντιτύπου | Κατάσταση απόσυρσης | Κατάσταση χαμένου | Κατάσταση κατεστραμμένου | Μη δανεισμός | Σύνολο δανεισμών | Ημερομηνία τελευταίας εμφάνισης | Η τιμή ισχύει από |
|---|---|---|---|---|---|---|---|---|---|---|---|---|---|---|
| Books | MC Athens Campus Library | MC Athens Campus Library | 9780000044426 | 5138 | 05/06/2025 | 371.9144 STA | 1 | 05/06/2025 | 05/06/2025 |